[Event "Le Port Marly Paribas blitz op"]
[Site "Le Port Marly"]
[Date "2012.06.16"]
[Round "1.4"]
[White "Dubois, Marie"]
[Black "Lepelletier, Benoit"]
[Result "0-1"]
[WhiteElo "1910"]
[BlackElo "2540"]
[PlyCount "60"]
[EventDate "2012.06.18"]
[EventType "swiss (blitz)"]
[EventRounds "13"]
[EventCountry "FRA"]
[SourceTitle "EXT 2014"]
[Source "ChessBase"]
[SourceDate "2013.11.20"]
[SourceVersion "1"]
[SourceVersionDate "2013.11.20"]
[SourceQuality "1"]

1. d4 Nf6 2. c4 e6 3. Nc3 Bb4 4. e3 b6 5. Nf3 Bb7 6. Be2 Bxc3+ 7. bxc3 d6 8. 0-0 Nbd7 9. Nd2 0-0 10. f3 d5 11. Qc2 c5 12. a4 a5 13. Rb1 Qc7 14. Ba3 Rfe8 15. Rb2 Ba6 16. Rfb1 Rab8 17. Bf1 e5 18. cxd5 Bxf1 19. Nxf1 Nxd5 20. e4 Nf4 21. Rd1 c4 22. Ne3 Nf6 23. Rb5 exd4 24. cxd4 Rbc8 25. d5 Nd7 26. d6 Qc6 27. Nd5 Nxd5 28. Rbxd5 Re6 29. f4 Nf6 30. R5d2 Nxe4 0-1

[Event "Le Port Marly Paribas blitz op"]
[Site "Le Port Marly"]
[Date "2012.06.16"]
[Round "12.4"]
[White "Glod, Philippe"]
[Black "Lepelletier, Benoit"]
[Result "0-1"]
[WhiteElo "2050"]
[BlackElo "2540"]
[PlyCount "64"]
[EventDate "2012.06.18"]
[EventType "swiss (blitz)"]
[EventRounds "13"]
[EventCountry "FRA"]
[SourceTitle "EXT 2014"]
[Source "ChessBase"]
[SourceDate "2013.11.20"]
[SourceVersion "1"]
[SourceVersionDate "2013.11.20"]
[SourceQuality "1"]

1. e4 e5 2. Nc3 Bc5 3. Nf3 d6 4. Bc4 Nc6 5. d3 Na5 6. h3 Nxc4 7. dxc4 f5 8. Qe2 Nf6 9. Bg5 0-0 10. 0-0-0 h6 11. Bxf6 Qxf6 12. Nd5 Qf7 13. Nd2 a6 14. f3 b5 15. Nb3 Ba7 16. Kb1 Be6 17. cxb5 axb5 18. Ne3 f4 19. Ng4 b4 20. Nf2 Qe8 21. Nd3 Qa4 22. Ndc1 Be3 23. Qe1 Rfb8 24. Rd3 Bxc1 25. Kxc1 Qxa2 26. Kd2 Qxb2 27. Qb1 Qa3 28. Ke1 Qa7 29. Qc1 Bc4 30. Rd1 Qe3+ 31. Qxe3 fxe3 32. Ra1 Bxb3 0-1

[Event "Le Port Marly Paribas blitz op"]
[Site "Le Port Marly"]
[Date "2012.06.16"]
[Round "4.1"]
[White "Lepelletier, Benoit"]
[Black "Bauer, Christian"]
[Result "1-0"]
[WhiteElo "2540"]
[BlackElo "2740"]
[PlyCount "116"]
[EventDate "2012.06.18"]
[EventType "swiss (blitz)"]
[EventRounds "13"]
[EventCountry "FRA"]
[SourceTitle "EXT 2014"]
[Source "ChessBase"]
[SourceDate "2013.11.20"]
[SourceVersion "1"]
[SourceVersionDate "2013.11.20"]
[SourceQuality "1"]

1. e4 e6 2. d4 d5 3. exd5 exd5 4. Bf4 Bd6 5. Bxd6 Qxd6 6. c3 Nf6 7. Bd3 0-0 8. Ne2 Re8 9. 0-0 Nc6 10. Nd2 Bg4 11. Re1 Re7 12. Nf1 Rae8 13. h3 Bh5 14. Nfg3 Bg6 15. Qd2 h6 16. Rad1 Nd8 17. Nc1 Ne4 18. Bxe4 dxe4 19. Nf1 Ne6 20. Ne2 f5 21. d5 Nc5 22. Nf4 Bf7 23. b4 Na4 24. c4 g5 25. Ne2 f4 26. Qc2 Qxb4 27. Rb1 Qa5 28. Red1 Nc5 29. Nd4 Bg6 30. Rb5 Qa3 31. Nh2 a6 32. Rxc5 Qxc5 33. Ng4 b5 34. Nf6+ Kf7 35. Nxe8 Rxe8 36. Ne6 Qxc4 37. Qb2 Rxe6 38. dxe6+ Qxe6 39. Qc3 c6 40. Qc5 e3 41. fxe3 Qxe3+ 42. Qxe3 fxe3 43. Kf1 Ke6 44. Ke2 c5 45. Kxe3 c4 46. Kd4 Kd6 47. Rf1 Bd3 48. Rf6+ Ke7 49. Rxh6 Bf1 50. Kc3 Bxg2 51. h4 Kf7 52. Rh5 g4 53. Rxb5 Kf6 54. Kxc4 Be4 55. Kd4 Bf5 56. Ke3 Be6 57. Kf4 Bxa2 58. Rb6+ Be6 1-0

[Event "Le Port Marly Paribas blitz op"]
[Site "Le Port Marly"]
[Date "2012.06.16"]
[Round "6.1"]
[White "Lepelletier, Benoit"]
[Black "Dourerassou, Jonathan"]
[Result "0-1"]
[WhiteElo "2540"]
[BlackElo "2670"]
[PlyCount "88"]
[EventDate "2012.06.18"]
[EventType "swiss (blitz)"]
[EventRounds "13"]
[EventCountry "FRA"]
[SourceTitle "EXT 2014"]
[Source "ChessBase"]
[SourceDate "2013.11.20"]
[SourceVersion "1"]
[SourceVersionDate "2013.11.20"]
[SourceQuality "1"]

1. e4 c5 2. Nf3 Nc6 3. Bb5 a6 4. Bxc6 dxc6 5. h3 Qc7 6. 0-0 e5 7. d3 Bd6 8. Nbd2 Ne7 9. a4 a5 10. Nc4 Be6 11. b3 f6 12. Nh4 0-0 13. Kh1 Rad8 14. Qe1 b6 15. Nxd6 Qxd6 16. f4 Nc8 17. fxe5 Qxe5 18. Rb1 Qh5 19. Nf3 Rde8 20. Bf4 Rf7 21. Qg3 g5 22. Bd2 Kh8 23. Nh2 Qg6 24. Bc3 h5 25. Rf2 Kh7 26. Rbf1 Ref8 27. Nf3 Ne7 28. Kg1 Ng8 29. e5 h4 30. Nxh4 gxh4 31. Qxh4+ Qh6 32. Qe4+ f5 33. Qxc6 Ne7 34. Qxb6 Nd5 35. Qxa5 f4 36. Bd2 Qg6 37. Qa6 f3 38. Kh2 Rg8 39. gxf3 Qg3+ 40. Kh1 Rxf3 41. Qxe6 Rxf2 42. Qxg8+ Kxg8 43. Rg1 Qxg1+ 44. Kxg1 Rxd2 0-1

[Event "Le Port Marly Paribas blitz op"]
[Site "Le Port Marly"]
[Date "2012.06.16"]
[Round "7.2"]
[White "Lepelletier, Benoit"]
[Black "Guliyev, Namig"]
[Result "1-0"]
[WhiteElo "2540"]
[BlackElo "2690"]
[PlyCount "81"]
[EventDate "2012.06.18"]
[EventType "swiss (blitz)"]
[EventRounds "13"]
[EventCountry "FRA"]
[SourceTitle "EXT 2014"]
[Source "ChessBase"]
[SourceDate "2013.11.20"]
[SourceVersion "1"]
[SourceVersionDate "2013.11.20"]
[SourceQuality "1"]

1. e4 c5 2. Nf3 d6 3. d4 cxd4 4. Nxd4 Nf6 5. Nc3 a6 6. h3 e6 7. g4 d5 8. Bg2 Bb4 9. exd5 Nxd5 10. Nde2 0-0 11. 0-0 Nxc3 12. Nxc3 Qc7 13. Ne4 Nc6 14. c3 Be7 15. Qf3 Bd7 16. Bf4 e5 17. Be3 Be6 18. Ng3 g6 19. g5 Rfd8 20. Rfd1 Rxd1+ 21. Rxd1 Bxa2 22. Ne4 Rd8 23. Nf6+ Kg7 24. Ra1 Be6 25. Qg3 Na5 26. Qh4 h5 27. gxh6+ Kh8 28. Bg5 Nb3 29. Re1 Rf8 30. Ng4 Bxg5 31. Qxg5 f6 32. Nxf6 Qf7 33. Ne4 Qf5 34. Qg3 Bf7 35. Nd6 Qf6 36. Qxe5 Qxe5 37. Rxe5 b5 38. Nxf7+ Rxf7 39. Bd5 Nd2 40. Re8+ Kh7 41. Bxf7 1-0

[Event "FRA-chT2 0910"]
[Site "France"]
[Date "2009.12.13"]
[Round "6.1"]
[White "Lepelletier, Benoit"]
[Black "Delaunay, Sebastien"]
[Result "1-0"]
[WhiteElo "2424"]
[BlackElo "2350"]
[PlyCount "77"]
[EventDate "2009.09.27"]
[EventType "team-tourn"]
[EventRounds "11"]
[EventCountry "FRA"]
[SourceTitle "EXT 2011"]
[Source "ChessBase"]
[SourceDate "2010.11.26"]
[SourceVersion "1"]
[SourceVersionDate "2010.11.26"]
[SourceQuality "1"]

1. e4 c6 2. d4 d5 3. Nd2 dxe4 4. Nxe4 Bf5 5. Ng3 Bg6 6. Nf3 Nd7 7. Bd3 e6 8. 0-0 Qc7 9. c4 Ngf6 10. b3 Bd6 11. Bb2 0-0 12. Qc2 Rfd8 13. Rad1 a6 14. Rfe1 Bxd3 15. Rxd3 b5 16. Ne5 Rac8 17. f4 bxc4 18. bxc4 c5 19. d5 exd5 20. Nxd7 Nxd7 21. Bxg7 Kxg7 22. Nh5+ Kh8 23. Rxd5 Bxf4 24. Qf5 Bxh2+ 25. Kh1 Qc6 26. Kxh2 Qg6 27. Qf3 Nf8 28. Qc3+ f6 29. Nxf6 Qg7 30. Qf3 Rxd5 31. cxd5 c4 32. Nh5 Qg5 33. Qc3+ Kg8 34. Re5 Qh6 35. Kg1 Rc7 36. Rf5 Qb6+ 37. Rf2 Qb1+ 38. Kh2 Qb8 39. Nf6+ 1-0

[Event "FRA-chT2 0910"]
[Site "France"]
[Date "2009.11.22"]
[Round "4.1"]
[White "Lepelletier, Benoit"]
[Black "Jolly, Jean Francois"]
[Result "0-1"]
[WhiteElo "2424"]
[BlackElo "2406"]
[PlyCount "108"]
[EventDate "2009.09.27"]
[EventType "team-tourn"]
[EventRounds "11"]
[EventCountry "FRA"]
[SourceTitle "EXT 2011"]
[Source "ChessBase"]
[SourceDate "2010.11.26"]
[SourceVersion "1"]
[SourceVersionDate "2010.11.26"]
[SourceQuality "1"]

1. e4 c5 2. Ne2 Nc6 3. Nbc3 e6 4. g3 d5 5. exd5 exd5 6. Bg2 d4 7. Nd5 Bd6 8. 0-0 Nge7 9. Nef4 0-0 10. c4 Ne5 11. b3 Bg4 12. f3 Bf5 13. Nxe7+ Qxe7 14. d3 Rae8 15. a3 Qd8 16. Ra2 f6 17. g4 Bd7 18. Nd5 f5 19. h3 Ng6 20. Bd2 f4 21. b4 b6 22. Re1 Bc6 23. Re4 Qa8 24. Qb3 Rd8 25. Be1 Bb8 26. Bf1 Rxd5 27. cxd5 Bxd5 28. Qb1 Ne5 29. bxc5 Nxf3+ 30. Kf2 Ng5 31. cxb6 axb6 32. Rxd4 Be5 33. Rb4 b5 34. d4 Qa7 35. Bxb5 Bxd4+ 36. Kf1 Ne4 37. Rxd4 Qxd4 38. Bf2 Nd2+ 39. Rxd2 Qxd2 40. Qd3 Qc1+ 41. Be1 Rd8 42. Qc3 Qxc3 43. Bxc3 Rc8 44. Be5 Bc4+ 45. Bxc4+ Rxc4 46. Kf2 Kf7 47. h4 g5 48. hxg5 Kg6 49. Bf6 h6 50. Be7 hxg5 51. Bd8 Rc2+ 52. Kf1 Ra2 53. Be7 f3 54. Bd8 Rg2 0-1

[Event "FRA-chT1A 0809"]
[Site "France"]
[Date "2009.03.15"]
[Round "9.1"]
[White "Lepelletier, Benoit"]
[Black "Nguyen, Tanh Tong"]
[Result "1/2-1/2"]
[WhiteElo "2403"]
[BlackElo "2308"]
[PlyCount "50"]
[EventDate "2008.10.19"]
[EventType "team-tourn"]
[EventRounds "11"]
[EventCountry "FRA"]
[SourceTitle "EXT 2010"]
[Source "ChessBase"]
[SourceDate "2010.11.25"]
[SourceVersion "1"]
[SourceVersionDate "2010.11.25"]
[SourceQuality "1"]
[WhiteTeam "Creteil"]
[BlackTeam "Noisy le Grand"]
[WhiteTeamCountry "FRA"]
[BlackTeamCountry "FRA"]

1. e4 c5 2. Nc3 Nc6 3. f4 e6 4. Nf3 Nge7 5. d4 cxd4 6. Nxd4 d5 7. exd5 Nxd5 8. Nxc6 bxc6 9. Ne4 Qb6 10. Qf3 Be7 11. c3 0-0 12. Bd3 f5 13. Nf2 Bf6 14. 0-0 Bb7 15. Bc4 Rfe8 16. Kh1 g6 17. Nd3 c5 18. Qf2 Rec8 19. Re1 Bg7 20. Be3 Bf8 21. Red1 Nf6 22. Qc2 Be4 23. Qe2 Qb7 24. Ne5 Rcb8 25. Bc1 Bd5 1/2-1/2

[Event "FRA-chT1A 0809"]
[Site "France"]
[Date "2009.02.07"]
[Round "6.1"]
[White "Bujisho, Benjamin"]
[Black "Lepelletier, Benoit"]
[Result "0-1"]
[WhiteElo "2417"]
[BlackElo "2403"]
[PlyCount "94"]
[EventDate "2008.10.19"]
[EventType "team-tourn"]
[EventRounds "11"]
[EventCountry "FRA"]
[SourceTitle "EXT 2010"]
[Source "ChessBase"]
[SourceDate "2010.11.25"]
[SourceVersion "1"]
[SourceVersionDate "2010.11.25"]
[SourceQuality "1"]
[WhiteTeam "Nice"]
[BlackTeam "Creteil"]
[WhiteTeamCountry "FRA"]
[BlackTeamCountry "FRA"]

1. e4 e5 2. Nf3 Nc6 3. Bb5 Bc5 4. 0-0 Nd4 5. Bc4 d6 6. c3 Nxf3+ 7. Qxf3 Qf6 8. Qxf6 Nxf6 9. d3 Be6 10. Bb3 0-0 11. h3 d5 12. Re1 dxe4 13. dxe4 Nh5 14. Nd2 Nf4 15. Bc2 Rad8 16. Nf3 Ng6 17. Bb3 Rfe8 18. Be3 Bxe3 19. Rxe3 Nf4 20. Bxe6 Rxe6 21. g3 Nd3 22. Rd1 Red6 23. Rd2 f6 24. Rc2 a5 25. Kf1 Kf7 26. Ke2 c6 27. Nd4 Nb4 28. cxb4 exd4 29. Rd3 axb4 30. Rc4 b6 31. Rxb4 c5 32. Rc4 Re8 33. Kf3 Re5 34. b4 f5 35. exf5 Rxf5+ 36. Kg2 Ke6 37. g4 Kd5 38. bxc5 Kxc4 39. cxd6 Rd5 40. Rd1 d3 41. f4 d2 42. f5 Kc3 43. Kf3 Kc2 44. Rh1 d1Q+ 45. Rxd1 Rxd1 46. Ke4 Rxd6 47. Ke5 Rh6 0-1

[Event "FRA-chT Top 16 Gp Basse"]
[Site "France"]
[Date "2007.06.01"]
[Round "9.1"]
[White "Prie, Eric"]
[Black "Lepelletier, Benoit"]
[Result "1-0"]
[WhiteElo "2513"]
[BlackElo "2423"]
[PlyCount "76"]
[EventDate "2007.05.31"]
[EventType "team"]
[EventRounds "11"]
[EventCountry "FRA"]
[SourceTitle "EXT 2008"]
[Source "ChessBase"]
[SourceDate "2007.11.25"]
[SourceVersion "1"]
[SourceVersionDate "2007.11.25"]
[SourceQuality "1"]
[WhiteTeam "Montpellier"]
[BlackTeam "Creteil"]
[WhiteTeamCountry "FRA"]
[BlackTeamCountry "FRA"]

1. d4 c5 2. c3 e6 3. Nf3 b6 4. e4 Bb7 5. Bd3 Nf6 6. Qe2 cxd4 7. cxd4 Nc6 8. a3 Be7 9. 0-0 0-0 10. Nc3 d6 11. Re1 Nd7 12. Be3 Re8 13. Rad1 a6 14. Bb1 Bf8 15. e5 g6 16. Bg5 Qc7 17. Ne4 d5 18. Nf6+ Nxf6 19. Bxf6 Be7 20. Qe3 Qd8 21. Qf4 Nb8 22. Bg5 Nd7 23. h4 Bxg5 24. hxg5 Kf8 25. Nh2 Ke7 26. Ng4 Rh8 27. Re3 Qf8 28. Rf3 Qg7 29. Nf6 Bc6 30. Rc1 Rac8 31. Rfc3 Nb8 32. Bd3 b5 33. Qd2 Rc7 34. R3c2 Kd8 35. a4 bxa4 36. Qa5 Qf8 37. Rxc6 Nxc6 38. Rxc6 Qe7 1-0

[Event "FRA-chT Top 16 GpA"]
[Site "France"]
[Date "2007.02.10"]
[Round "2.2"]
[White "Lepelletier, Benoit"]
[Black "Schlosser, Philipp"]
[Result "1/2-1/2"]
[WhiteElo "2421"]
[BlackElo "2562"]
[PlyCount "47"]
[EventDate "2007.02.09"]
[EventType "team"]
[EventRounds "11"]
[EventCountry "FRA"]
[SourceTitle "CBM 116 Extra"]
[Source "ChessBase"]
[SourceDate "2007.03.07"]
[SourceVersion "1"]
[SourceVersionDate "2007.03.07"]
[SourceQuality "1"]
[WhiteTeam "Creteil"]
[BlackTeam "Bischwiller"]
[WhiteTeamCountry "FRA"]
[BlackTeamCountry "FRA"]

1. e4 c5 2. Nf3 e6 3. Nc3 a6 4. d4 cxd4 5. Nxd4 b5 6. Bd3 d6 7. 0-0 Nf6 8. Qe2 Be7 9. f4 Bb7 10. a4 b4 11. Nd1 0-0 12. Nf2 a5 13. Bd2 Na6 14. c3 bxc3 15. Bxc3 Nc5 16. Rfe1 Nxd3 17. Qxd3 Qb6 18. Nf3 Rfc8 19. Bd4 Qd8 20. Rac1 d5 21. e5 Ne4 22. Qe3 h6 23. Rxc8 Rxc8 24. Rc1 1/2-1/2

[Event "FRA-chT Top 16 GpA"]
[Site "France"]
[Date "2007.02.09"]
[Round "1.1"]
[White "Kasimdzhanov, Rustam"]
[Black "Lepelletier, Benoit"]
[Result "1/2-1/2"]
[WhiteElo "2682"]
[BlackElo "2421"]
[PlyCount "85"]
[EventDate "2007.02.09"]
[EventType "team"]
[EventRounds "11"]
[EventCountry "FRA"]
[SourceTitle "CBM 116 Extra"]
[Source "ChessBase"]
[SourceDate "2007.03.07"]
[SourceVersion "1"]
[SourceVersionDate "2007.03.07"]
[SourceQuality "1"]
[WhiteTeam "Vandoeuvre"]
[BlackTeam "Creteil"]
[WhiteTeamCountry "FRA"]
[BlackTeamCountry "FRA"]

1. e4 e5 2. Nf3 Nc6 3. Bb5 Bc5 4. 0-0 Nd4 5. b4 Bxb4 6. Nxd4 exd4 7. Bb2 Bc5 8. c3 Ne7 9. cxd4 Bb6 10. d5 0-0 11. Bc4 d6 12. d4 Ng6 13. Kh1 Re8 14. Nc3 f5 15. f3 Bd7 16. Qd3 Qg5 17. Ne2 fxe4 18. fxe4 Rf8 19. Ng3 Rxf1+ 20. Rxf1 Rf8 21. Rxf8+ Kxf8 22. Qf1+ Qf4 23. Qe1 Bg4 24. a4 a5 25. Bc3 h5 26. h3 h4 27. Ne2 Bxe2 28. Qxe2 Qc1+ 29. Qf1+ Qxf1+ 30. Bxf1 Nf4 31. Kg1 c6 32. dxc6 bxc6 33. Kf2 Ne6 34. Ke3 g5 35. Be2 Ke7 36. Bg4 Nf4 37. Bf3 d5 38. Bb2 Kf6 39. Bc3 Kf7 40. Bd2 Kf6 41. Be1 Ke7 42. exd5 cxd5 43. Bf2 1/2-1/2

[Event "FRA-chT Poule Basse"]
[Site "Asnieres sur Seine"]
[Date "2006.05.04"]
[Round "8"]
[White "Kazhgaleyev, Murtas"]
[Black "Lepelletier, Benoit"]
[Result "1-0"]
[WhiteElo "2607"]
[BlackElo "2437"]
[PlyCount "253"]
[EventDate "2006.05.03"]
[EventType "team-tourn"]
[EventRounds "4"]
[EventCountry "FRA"]
[SourceTitle "EXT 2007"]
[Source "ChessBase"]
[SourceDate "2006.11.23"]
[SourceVersion "1"]
[SourceVersionDate "2006.11.23"]
[SourceQuality "1"]
[WhiteTeam "Cannes"]
[BlackTeam "Creteil"]
[WhiteTeamCountry "FRA"]
[BlackTeamCountry "FRA"]

1. d4 Nf6 2. c4 e6 3. Nc3 Bb4 4. Nf3 b6 5. Bg5 Bb7 6. e3 h6 7. Bh4 Bxc3+ 8. bxc3 d6 9. Nd2 Nbd7 10. f3 Qe7 11. Qa4 e5 12. e4 c5 13. Bd3 Kd8 14. dxe5 dxe5 15. Nf1 Nf8 16. Ne3 Ng6 17. Bg3 Nh5 18. Bf2 Ngf4 19. Bf1 Qe8 20. Qb3 Nf6 21. g3 Ng6 22. Nd5 Qc6 23. a4 Nxd5 24. cxd5 Qd6 25. a5 Kc7 26. Bb5 Ne7 27. 0-0 g5 28. Ra4 f5 29. Qa3 fxe4 30. fxe4 Rhf8 31. Ra1 Rab8 32. Rc4 Rxf2 33. Kxf2 Nxd5 34. Kg1 Rf8 35. axb6+ axb6 36. Ra4 Ne7 37. Qa2 h5 38. Qe2 Qg6 39. Rd1 Nc6 40. Ba6 Ra8 41. Rda1 Bxa6 42. Rxa6 Rxa6 43. Rxa6 g4 44. Ra1 Qe6 45. Qb5 Qh6 46. Qd3 b5 47. Rb1 b4 48. cxb4 cxb4 49. Rf1 Kb6 50. Kg2 Qe6 51. Ra1 Kc7 52. Rc1 Kb6 53. Qd5 Qxd5 54. exd5 Nb8 55. Rc4 Kb5 56. Rc7 Kb6 57. d6 b3 58. Rc3 Nd7 59. Rxb3+ Kc6 60. Rd3 Nf6 61. Kf1 Kd7 62. Ke2 Ke6 63. Rd1 Kd7 64. Ke3 Ke6 65. Rd2 Nd7 66. Rf2 Kxd6 67. Rf5 Ke6 68. Rxh5 Nf6 69. Rh8 Kf5 70. Rf8 Ke6 71. Ra8 Kf5 72. Kd3 Nh7 73. Ra2 Ng5 74. Rf2+ Ke6 75. Rf8 Nh7 76. Re8+ Kf5 77. Ra8 Nf6 78. Rf8 Ke6 79. Kc4 Ke7 80. Ra8 Ke6 81. Ra2 Ne4 82. Re2 Ng5 83. Re3 Nh7 84. Re1 Ng5 85. Kc5 Nf3 86. Re2 Ng5 87. Re3 Nh7 88. Ra3 Nf6 89. Ra8 Ne4+ 90. Kc6 Nf6 91. Ra4 Kf5 92. Kc5 Ne4+ 93. Kc4 Nf6 94. Ra1 Ke6 95. Kd3 Kf5 96. Ra7 Ke6 97. Rb7 Kf5 98. Rg7 Ne4 99. Ke3 Nf6 100. Rf7 Ke6 101. Rf8 Ke7 102. Rh8 Ke6 103. h4 gxh3 104. Rxh3 Kf5 105. Rh4 Kg5 106. Ra4 Kf5 107. Kf3 e4+ 108. Kg2 Ng4 109. Ra5+ Kf6 110. Kf1 Kg6 111. Rb5 Kf6 112. Ke2 Kg6 113. Kd2 Kf6 114. Ke2 Kg6 115. Kf1 Kf6 116. Kg2 Ne5 117. Rb8 Nd3 118. Rf8+ Kg5 119. Re8 Kf5 120. Kh3 Ne5 121. Rf8+ Ke6 122. Kg2 Nd7 123. Rf1 Nf6 124. Kh3 e3 125. Kg2 Nd5 126. Kf3 Ke5 127. Ra1 1-0

[Event "FRA-chT Top 16 GpA"]
[Site "France"]
[Date "2006.02.03"]
[Round "1"]
[White "Gashimov, Vugar"]
[Black "Lepelletier, Benoit"]
[Result "1-0"]
[WhiteElo "2625"]
[BlackElo "2437"]
[PlyCount "95"]
[EventDate "2006.02.03"]
[EventType "team-tourn"]
[EventRounds "7"]
[EventCountry "FRA"]
[SourceTitle "EXT 2007"]
[Source "ChessBase"]
[SourceDate "2006.11.23"]
[SourceVersion "1"]
[SourceVersionDate "2006.11.23"]
[SourceQuality "1"]
[WhiteTeam "Evry"]
[BlackTeam "Creteil"]
[WhiteTeamCountry "FRA"]
[BlackTeamCountry "FRA"]

1. e4 c5 2. Nc3 e6 3. Nf3 d6 4. d4 cxd4 5. Nxd4 Nf6 6. g4 Nc6 7. g5 Nd7 8. Be3 Be7 9. h4 a6 10. Qd2 0-0 11. 0-0-0 Nxd4 12. Qxd4 b5 13. h5 Bxg5 14. h6 Bf6 15. e5 Bxe5 16. Qe4 d5 17. Nxd5 exd5 18. Qxd5 g6 19. Qxa8 Qf6 20. Qe4 Bxb2+ 21. Kb1 Ba3 22. Qd4 Qxd4 23. Bxd4 Nc5 24. Bh3 f5 25. Bg2 Ne6 26. Bd5 Kf7 27. Rhe1 Re8 28. Rd3 Bc5 29. Re2 Rd8 30. Be5 Be7 31. Bb3 Rxd3 32. cxd3 Bf6 33. Rc2 Bxe5 34. Rxc8 Ke7 35. Rc6 Nf8 36. Rxa6 Bd4 37. f3 Be3 38. Ra5 Bxh6 39. Rxb5 Bf4 40. Rb7+ Kd8 41. Rf7 Nd7 42. d4 h5 43. a4 Nb8 44. Kc2 Nc6 45. Kd3 h4 46. Rh7 g5 47. Be6 Ne7 48. Kc4 1-0

[Event "FRA Cup quarterfinal"]
[Site "Versailles"]
[Date "2006.??.??"]
[Round "1.3"]
[White "Silva Lillo, Sebastian"]
[Black "Lepelletier, Benoit"]
[Result "1-0"]
[WhiteElo "2348"]
[BlackElo "2437"]
[PlyCount "25"]
[EventDate "2006.06.10"]
[EventType "team"]
[EventRounds "1"]
[EventCountry "FRA"]
[SourceTitle "EXT 2007"]
[Source "ChessBase"]
[SourceDate "2006.11.23"]
[SourceVersion "1"]
[SourceVersionDate "2006.11.23"]
[SourceQuality "1"]

1. d4 Nf6 2. Nf3 e6 3. c4 b6 4. Nc3 Bb4 5. Bg5 Bb7 6. Nd2 h6 7. Bh4 0-0 8. e4 Bxc3 9. bxc3 g5 10. Bg3 Bxe4 11. h4 Bb7 12. hxg5 hxg5 13. Be5 1-0

[Event "FRA-chT Poule Basse"]
[Site "Belfort"]
[Date "2004.05.08"]
[Round "8"]
[White "Nijboer, Friso"]
[Black "Lepelletier, Benoit"]
[Result "1/2-1/2"]
[WhiteElo "2586"]
[BlackElo "2450"]
[PlyCount "69"]
[EventDate "2004.05.08"]
[EventType "team-tourn"]
[EventRounds "4"]
[EventCountry "FRA"]
[SourceTitle "EXT 2005"]
[Source "ChessBase"]
[SourceDate "2004.11.15"]
[SourceVersion "1"]
[SourceVersionDate "2004.11.15"]
[SourceQuality "1"]
[WhiteTeam "Nancy"]
[BlackTeam "Strasbourg"]
[WhiteTeamCountry "FRA"]
[BlackTeamCountry "FRA"]

1. e4 c5 2. Nf3 e6 3. Nc3 a6 4. d4 cxd4 5. Nxd4 d6 6. Be2 Nf6 7. f4 Be7 8. 0-0 0-0 9. Kh1 Qc7 10. a4 b6 11. e5 dxe5 12. fxe5 Nfd7 13. Bf4 Bb7 14. Bd3 Nc5 15. Qg4 Rd8 16. Nf3 Nxd3 17. cxd3 Nd7 18. Rac1 Bxf3 19. Qxf3 Qa7 20. d4 Nf8 21. d5 exd5 22. Nxd5 Ne6 23. Bh6 Rxd5 24. Qxf7+ Kh8 25. Bxg7+ Nxg7 26. Qxd5 Re8 27. Rf7 Qb8 28. Qd7 Bf8 29. Re1 Qc8 30. Qxc8 Rxc8 31. e6 Nxe6 32. Rf6 Nc5 33. Rxb6 Nd3 34. Rb1 Bc5 35. Rxa6 1/2-1/2

[Event "Hyeres op"]
[Site "Hyeres"]
[Date "2001.07.10"]
[Round "5"]
[White "Lepelletier, Benoit"]
[Black "Bernal Moro, Luis Javier"]
[Result "1/2-1/2"]
[WhiteElo "2459"]
[BlackElo "2387"]
[PlyCount "34"]
[EventDate "2001.07.07"]
[EventType "swiss"]
[EventRounds "9"]
[EventCountry "FRA"]
[SourceTitle "EXT 2002"]
[Source "ChessBase"]
[SourceDate "2001.11.25"]
[SourceVersion "1"]
[SourceVersionDate "2001.11.25"]
[SourceQuality "1"]

1. e4 c5 2. Ne2 Nc6 3. Nbc3 e6 4. h3 Nf6 5. g3 d5 6. exd5 Nxd5 7. Bg2 Nxc3 8. Bxc6+ bxc6 9. Nxc3 c4 10. Qg4 c5 11. Qxc4 Be7 12. b3 0-0 13. Qe2 Bb7 14. Rg1 Bf6 15. Bb2 Bd4 16. 0-0-0 Qf6 17. f4 Bxg1 1/2-1/2

[Event "Hyeres op"]
[Site "Hyeres"]
[Date "2001.07.09"]
[Round "4"]
[White "Vallin, Guillaume"]
[Black "Lepelletier, Benoit"]
[Result "1/2-1/2"]
[WhiteElo "2359"]
[BlackElo "2459"]
[PlyCount "30"]
[EventDate "2001.07.07"]
[EventType "swiss"]
[EventRounds "9"]
[EventCountry "FRA"]
[SourceTitle "EXT 2002"]
[Source "ChessBase"]
[SourceDate "2001.11.25"]
[SourceVersion "1"]
[SourceVersionDate "2001.11.25"]
[SourceQuality "1"]

1. d4 e6 2. c4 c5 3. d5 exd5 4. cxd5 d6 5. Nc3 g6 6. e4 Bg7 7. f4 Ne7 8. Nf3 0-0 9. Bc4 Bg4 10. 0-0 Nd7 11. a4 Kh8 12. Qc2 Bxf3 13. gxf3 Nf6 14. Be3 Nh5 15. Rae1 Ng8 1/2-1/2

[Event "Hyeres op"]
[Site "Hyeres"]
[Date "2001.07.07"]
[Round "1"]
[White "Lepelletier, Benoit"]
[Black "Gruet, Gabriel"]
[Result "1-0"]
[WhiteElo "2459"]
[BlackElo "2093"]
[PlyCount "115"]
[EventDate "2001.07.07"]
[EventType "swiss"]
[EventRounds "9"]
[EventCountry "FRA"]
[SourceTitle "EXT 2002"]
[Source "ChessBase"]
[SourceDate "2001.11.25"]
[SourceVersion "1"]
[SourceVersionDate "2001.11.25"]
[SourceQuality "1"]

1. e4 c5 2. Nc3 e6 3. Nge2 Nc6 4. h3 d5 5. exd5 exd5 6. d4 cxd4 7. Nxd4 Nf6 8. g3 Qb6 9. Be3 Bc5 10. Na4 Qa5+ 11. c3 Bxd4 12. Bxd4 Nxd4 13. Qxd4 0-0 14. f3 Re8+ 15. Kf2 b6 16. Qb4 Qxb4 17. cxb4 Bd7 18. Nc3 Bf5 19. Nb5 Red8 20. Nd4 Bg6 21. Ba6 Rd7 22. Rac1 Ne8 23. Bb5 Re7 24. Rhe1 Rxe1 25. Rxe1 Kf8 26. Bxe8 Rxe8 27. Rxe8+ Kxe8 28. Ke3 a6 29. Nc6 Bf5 30. h4 Bc8 31. Kd4 Bb7 32. Ne5 Ke7 33. a4 f6 34. Ng4 Kd6 35. Ne3 g6 36. h5 gxh5 37. Nf5+ Kc6 38. Ng7 h4 39. gxh4 Kd6 40. f4 Bc6 41. a5 bxa5 42. bxa5 Bd7 43. Nh5 Ke6 44. Ng3 Bb5 45. Kc5 Bd3 46. b4 Bc4 47. f5+ Ke5 48. Nh5 Bb5 49. Ng7 d4 50. Ne6 d3 51. Nd4 d2 52. Nf3+ Kxf5 53. Nxd2 Kg4 54. Ne4 f5 55. Nc3 Bf1 56. b5 axb5 57. a6 b4 58. a7 1-0